Soho revue kulturně společenský měsíčník

Bibliographic Details
New Title:Soho absolut revue
Format: Journal
Language:Czech
PhysicalDescription:7 zv. 30 cm
Published: Praha Orbis 1991-1997
ISSN:0862-9528
1212-1479
Subjects:

MARC

LEADER 00000cas a2200000 a 4500
001 vtls001326423
003 SK-MaSNL
005 20260228163949.0
008 980330d19911997xr mr p 0 0 0cze c
022 |a 0862-9528 
035 |a SNK000279200 
040 |a SNK  |b slo  |c SNK  |e AACR2 
072 7 |a 316.8  |x Manželstvo a rodina. Sexuálne vzťahy 
072 7 |a 159.92  |x Vývinová psychológia. Psychológia osobnosti  |2 konspekt 
080 |a 316.367.7  |2 2011 
080 |a 159.9  |2 2011 
080 |a 050  |2 2011 
080 |a (051)  |2 2011 
210 0 |a Soho rev. 
222 0 |a Soho revue 
245 0 0 |a Soho revue  |b kulturně společenský měsíčník 
260 |a Praha  |b Orbis  |c 1991-1997 
300 |a 7 zv.  |c 30 cm 
310 |a 1x mesačne 
362 0 |a Roč. 1, č. 4 (duben 1991)-roč. 7, č. 12 (1997) 
650 0 7 |a homosexualita  |2 SNKPH  |9 14125 
650 0 7 |a heterosexualita  |2 SNKPH  |9 20139 
650 0 7 |a rodová identita  |2 SNKPH  |9 91061 
655 7 |a časopisy  |2 SNKPH  |9 76610 
785 0 0 |t Soho absolut revue  |x 1212-1479 
910 |a snk 
999 |c 11622  |d 13552 
952 |0 0  |1 1  |4 0  |7 0  |a SNK  |b SNK  |d 1998-03-30  |l 0  |o snkČB 5021/1/1991  |p 17A0132317  |r 2005-01-02 00:00:00  |t č. 1-12  |w 2026-02-21  |y PREZ 
952 |0 0  |1 1  |4 0  |7 0  |a SNK  |b SNK  |d 1998-03-30  |l 0  |o snkČB 5021/2/1992  |p 17A0132122  |r 2005-01-02 00:00:00  |t č. 1-12  |w 2026-02-21  |y PREZ